[Event "chess.com Speed 1m+1spm 2017"]
[Site "chess.com INT"]
[Date "2018.07.26"]
[Round "31"]
[White "Hou Yifan"]
[Black "Nakamura,Hi"]
[Result "0-1"]
[WhiteElo "2658"]
[BlackElo "2777"]

1.c4 g6 2.Nc3 Bg7 3.g3 d6 4.Bg2 Nc6 5.Nf3 Bd7 6.d4 Qc8 7.d5 Ne5 8.Nxe5 Bxe5
9.Qd3 Bh3 10.Bxh3 Qxh3 11.Bd2 h5 12.O-O-O Nf6 13.f4 Bxc3 14.Bxc3 O-O-O 15.e4 Rhe8
16.Rd2 Nd7 17.Bd4 Kb8 18.Qa3 a6 19.Re1 e5 20.dxe6 Qxe6 21.Qc3 c5 22.Bf2 f5
23.exf5 Qxf5 24.Rxd6 Rc8 25.Red1 Rc7 26.R6d5 Qf7 27.Re1 Rxe1+ 28.Qxe1 Nf6
29.Rd8+ Ka7 30.Qe2 b6 31.Rd1 Re7 32.Qd3 Rd7 33.Qe2 Re7 34.Qd3 Ng4 35.Bg1 Qe8
36.Qd8 Qf7 37.Qd3 h4 38.h3 Nf6 39.g4 Ne4 40.Be3 Qe6 41.Qd5 Qc8 42.g5 Ng3
43.Bf2 Ne2+ 44.Kb1 Nxf4 45.Qd6 Qf5+ 46.Ka1 Rb7 47.b4 Qc2 48.Qd2 Qxd2 49.Rxd2 Nxh3
50.bxc5 Nxf2 51.Rxf2 bxc5 52.Rh2 Rh7 53.Rh3 Kb6 54.Kb2 Kc6 55.Kc3 Kd6 56.Kd3 Ke5
57.Ke3 Kf5  0-1

[Event "Saint Louis Rapid 2018"]
[Site "Saint Louis USA"]
[Date "2018.08.11"]
[Round "2.5"]
[White "Nakamura,Hi"]
[Black "So,W"]
[Result "1-0"]
[WhiteElo "2777"]
[BlackElo "2780"]

1.e4 e5 2.Nf3 Nc6 3.d4 exd4 4.Nxd4 Nf6 5.Nc3 Bb4 6.Nxc6 bxc6 7.Bd3 d5 8.exd5 cxd5
9.O-O O-O 10.Bg5 c6 11.Na4 h6 12.Bh4 Be6 13.c3 Bd6 14.Bc2 Re8 15.Qd3 g5 16.Bg3 Bxg3
17.hxg3 Qd6 18.Qd4 Bg4 19.Rfe1 Be2 20.Nc5 Re7 21.Nb3 Rae8 22.Qc5 Qxc5 23.Nxc5 Nd7
24.Nb3 Nb6 25.Nd4 c5 26.Nf5 Re6 27.b4 cxb4 28.cxb4 Bh5 29.Nxh6+ Kf8 30.Rxe6 fxe6
31.g4 Bf7 32.Bd3 Rc8 33.Nxf7 Kxf7 34.a4 Rc3 35.Be2 Nc4 36.b5 Na5 37.g3 e5
38.Kg2 Rc2 39.Bd3 Rd2 40.Bf1 Rc2 41.Rd1 Ke6 42.Bd3 Rb2 43.Bf5+ Kd6 44.Be4 d4
45.Rc1 Re2 46.Bd3 Ra2 47.Rc8 Rxa4 48.f4 Ra2+ 49.Kf3 Nb3 50.Rc6+ Ke7 51.Ke4 exf4
52.gxf4 gxf4 53.Kxf4 Rf2+ 54.Ke5 Rg2 55.Rc7+ Kd8 56.Rxa7 Rxg4 57.b6 Rg5+
58.Kd6 Kc8 59.Be4  1-0

[Event "Saint Louis Rapid 2018"]
[Site "Saint Louis USA"]
[Date "2018.08.11"]
[Round "3.4"]
[White "Grischuk,A"]
[Black "Nakamura,Hi"]
[Result "1/2-1/2"]
[WhiteElo "2766"]
[BlackElo "2777"]

1.d4 Nf6 2.c4 e6 3.Nf3 d5 4.Nc3 Be7 5.Bf4 O-O 6.e3 c5 7.dxc5 Bxc5 8.cxd5 Nxd5
9.Nxd5 exd5 10.Bd3 Bb4+ 11.Nd2 d4 12.Qc2 Nc6 13.O-O g6 14.Ne4 Bf5 15.Rad1 Be7
16.Qb3 Qb6 17.Qxb6 axb6 18.a3 dxe3 19.Bxe3 Rfd8 20.Bb1  1/2-1/2

[Event "Saint Louis Rapid 2018"]
[Site "Saint Louis USA"]
[Date "2018.08.12"]
[Round "4.1"]
[White "Nakamura,Hi"]
[Black "Caruana,F"]
[Result "1/2-1/2"]
[WhiteElo "2777"]
[BlackElo "2822"]

1.Nf3 d5 2.g3 g6 3.Bg2 Bg7 4.d4 Nf6 5.O-O O-O 6.c4 dxc4 7.Na3 c5 8.Nxc4 Be6
9.Nce5 cxd4 10.Qxd4 Qxd4 11.Nxd4 Bd5 12.Rd1 Bxg2 13.Kxg2 Rd8 14.Bf4 Nd5 15.Ndf3 Na6
16.Bd2 Rac8 17.Ba5 b6 18.Be1 f6 19.Nd3 e5 20.e4 Ndc7 21.Ng1 Ne6 22.Ne2 Kf7
23.Nc3 Bf8 24.f3 Nb4 25.Nxb4 Bxb4 26.Rxd8 Rxd8 27.Nd5 Bxe1 28.Rxe1 Rc8 29.Ne3 Nd4
30.Rd1 Ke6 31.Kf2 b5 32.a3 a5 33.f4 a4 34.h4 h5 35.Kg2 Rc6  1/2-1/2

[Event "Saint Louis Rapid 2018"]
[Site "Saint Louis USA"]
[Date "2018.08.12"]
[Round "6.3"]
[White "Aronian,L"]
[Black "Nakamura,Hi"]
[Result "0-1"]
[WhiteElo "2767"]
[BlackElo "2777"]

1.e4 c5 2.Nf3 d6 3.Nc3 a6 4.d4 cxd4 5.Nxd4 Nf6 6.Be3 Ng4 7.Bc1 Nf6 8.f3 e5
9.Nb3 Be6 10.Be3 h5 11.Qd2 Nbd7 12.O-O-O Rc8 13.Kb1 b5 14.g3 Be7 15.Nd5 Bxd5
16.exd5 Nb6 17.Bxb6 Qxb6 18.Bh3 Rc7 19.Rhe1 h4 20.Qg2 a5 21.f4 a4 22.Nc1 O-O
23.fxe5 dxe5 24.gxh4 a3 25.Rg1 Ne8 26.Nd3 Bf6 27.Nf2 e4 28.Nxe4 Bxb2 29.d6 Rc4
30.d7 Rb4 31.Rd3 Bf6+ 32.Kc1 Rxe4 33.Rgd1 Rxh4 34.Bg4 Nc7 35.d8=Q Bxd8 36.Rxd8 Qe3+
37.Kb1 Qc3 38.Rxf8+ Kxf8 39.Rd8+ Ne8 40.Rxe8+ Kxe8 41.Qe4+ Kf8 42.Qa8+ Ke7
43.Qe4+ Kd6 44.Qf4+ Qe5 45.Qb4+ Kc6 46.Qxa3 Rxg4 47.Qa6+ Kd7 48.Qb7+ Kd8  0-1

[Event "Saint Louis Rapid 2018"]
[Site "Saint Louis USA"]
[Date "2018.08.13"]
[Round "7.3"]
[White "Nakamura,Hi"]
[Black "Vachier Lagrave,M"]
[Result "1-0"]
[WhiteElo "2777"]
[BlackElo "2779"]

1.e4 c5 2.Nf3 d6 3.Bb5+ Nd7 4.d4 cxd4 5.Qxd4 a6 6.Be2 Ngf6 7.c4 g6 8.Nc3 Bg7
9.O-O O-O 10.Qe3 b6 11.Rd1 Bb7 12.Ng5 Qc7 13.f3 Rac8 14.Bd2 Ne5 15.b3 e6
16.Rac1 h6 17.Nh3 g5 18.Na4 Ned7 19.Bc3 Rfd8 20.Nf2 Nc5 21.Nxc5 bxc5 22.f4 gxf4
23.Qxf4 Qe7 24.Rd3 e5 25.Qh4 Rd7 26.Bf3 Kh7 27.Rf1 Rg8 28.Bd2 Bf8 29.Nh1 Nd5
30.Qxe7 Nxe7 31.Ng3 f5 32.exf5 Rxg3 33.hxg3 e4 34.Bg4 exd3 35.f6 Rc7 36.fxe7 Bxe7
37.Bf5+ Kg7 38.Bxd3 Rc8 39.Bc3+ Kg8 40.Bh7+ Kxh7 41.Rf7+ Kg8 42.Rxe7 Bc6
43.Re6 Rd8 44.Rxh6 Kf7 45.Be5 dxe5 46.Rxc6 Rd2 47.Rxa6 e4 48.a4 e3 49.Kf1 Rf2+
50.Ke1 Rxg2 51.Rc6 Rxg3 52.Rxc5 Ke6 53.Rb5 Rg2 54.Rd5 Rb2 55.Rd3 e2 56.c5 Ke5
57.c6 Rc2 58.c7 Ke4 59.Rd8 Rxc7 60.Kxe2 Rc2+ 61.Kd1 Rb2 62.Rb8 Kd3 63.Kc1 Rh2
64.Rc8 Rg2 65.Kb1 Rh2 66.Rc5 Rg2 67.Rc4 Rh2 68.a5  1-0

[Event "Saint Louis Rapid 2018"]
[Site "Saint Louis USA"]
[Date "2018.08.13"]
[Round "8.3"]
[White "Karjakin,Sergey"]
[Black "Nakamura,Hi"]
[Result "1/2-1/2"]
[WhiteElo "2773"]
[BlackElo "2777"]

1.d4 Nf6 2.c4 e6 3.Nf3 d5 4.Nc3 Be7 5.Bf4 O-O 6.e3 c5 7.dxc5 Bxc5 8.Qc2 Nc6
9.a3 Qa5 10.O-O-O Be7 11.Kb1 a6 12.g4 dxc4 13.Bxc4 b5 14.g5 bxc4 15.gxf6 Bxf6
16.Ne4 Be7 17.Rhg1 Rd8 18.Rxd8+ Nxd8 19.Qxc4 Qd5 20.Qxd5 exd5 21.Nc3 Bb7
22.Nd4 Ne6 23.Be5 g6 24.Nxe6 fxe6 25.Ne2 Bh4 26.f4 Bf2 27.Rc1 Rc8  1/2-1/2

[Event "Saint Louis Rapid 2018"]
[Site "Saint Louis USA"]
[Date "2018.08.13"]
[Round "9.1"]
[White "Nakamura,Hi"]
[Black "Dominguez Perez,L"]
[Result "1-0"]
[WhiteElo "2777"]
[BlackElo "2739"]

1.e4 e5 2.Nf3 Nc6 3.Bb5 Nf6 4.O-O Nxe4 5.Re1 Nd6 6.Nxe5 Be7 7.Bf1 Nxe5 8.Rxe5 O-O
9.Nc3 Ne8 10.Nd5 Bd6 11.Re1 c6 12.Ne3 Be7 13.Nf5 Bg5 14.Qe2 d5 15.Ne7+ Kh8
16.Nxc8 Rxc8 17.b3 Nf6 18.Bb2 Ne4 19.d3 Bf6 20.c4 Bxb2 21.Qxb2 Nf6 22.Qa3 a5
23.Re7 Rb8 24.Rae1 Kg8 25.g3 Re8 26.Rxe8+ Nxe8 27.cxd5 Qxd5 28.Bg2 Qd8 29.Qc5 Nf6
30.Qa7 g6 31.d4 Qd6 32.Rd1 Qd8 33.h3 Kg7 34.Re1 Nd7 35.d5 cxd5 36.Bxd5 Nf6
37.Bf3 Qc7 38.Kg2 h5 39.h4 Qd8 40.Re5 Ng4 41.Rd5 Qc7 42.Qxa5 b6 43.Qd2 Nf6
44.Qd4 b5 45.Bxh5 Ra8 46.Bf3 Rxa2 47.Rd6 Qe7 48.g4  1-0

[Event "Saint Louis Blitz 2018"]
[Site "Saint Louis USA"]
[Date "2018.08.14"]
[Round "1.2"]
[White "Nakamura,Hi"]
[Black "Karjakin,Sergey"]
[Result "0-1"]
[WhiteElo "2777"]
[BlackElo "2773"]

1.Nf3 Nf6 2.b3 d5 3.Bb2 e6 4.g3 Be7 5.Bg2 O-O 6.c4 c5 7.cxd5 Nxd5 8.O-O Nc6
9.d4 cxd4 10.Nxd4 Bd7 11.Na3 Nxd4 12.Qxd4 Bf6 13.Qd2 Bc6 14.Nc4 Bxb2 15.Qxb2 b5
16.Ne5 Bb7 17.a4 bxa4 18.Rfd1 Qe7 19.e4 Nb6 20.bxa4 Rad8 21.a5 Na4 22.Qb3 Nc5
23.Qb4 Qc7 24.Qc3 Na6 25.Qxc7 Nxc7 26.Rdc1 Nb5 27.a6 Ba8 28.f3 Nd4 29.Rc7 f6
30.Nc4 Rf7 31.Rxf7 Kxf7 32.Kf2 e5 33.Rc1 Bc6 34.Ne3 Rb8 35.Nc4 Ke7 36.Bf1 Rb4
37.Na5 Kd6 38.Bd3 Rb2+ 39.Ke3 Rxh2 40.Nc4+ Kc7 41.f4 Nb3 42.Rc3 exf4+ 43.Kxf4 Nc5
44.Na5 Nxd3+ 45.Rxd3 Rf2+ 46.Ke3 Ra2 47.Nb3 Ra3 48.Kd4 Bb5 49.Rc3+ Kd6 50.g4 Bxa6
51.g5 Ra4+ 52.Ke3 Bc4 53.Nd2 Be6 54.gxf6 gxf6 55.Kf4 a5 56.Rd3+ Ke7 57.Rc3 h5
58.Rc5 h4 59.Rh5 h3 60.Rh7+ Kf8 61.Nf3 Rb4 62.Ra7 a4 63.Ke3 Bg4 64.Nh2 Bh5
65.Kf4 Bg6 66.Kg3 Rb3+ 67.Kf4 a3 68.Ng4 Bh5 69.Nh2 Ke8 70.Ra5 Bd1 71.e5 fxe5+
72.Rxe5+ Kf7 73.Ra5 Rb2 74.Nf1 a2 75.Kg3 Bb3 76.Ra3 Be6 77.Ra7+ Kf6  0-1

[Event "Saint Louis Blitz 2018"]
[Site "Saint Louis USA"]
[Date "2018.08.14"]
[Round "2.5"]
[White "So,W"]
[Black "Nakamura,Hi"]
[Result "0-1"]
[WhiteElo "2780"]
[BlackElo "2777"]

1.d4 Nf6 2.c4 e6 3.Nc3 Bb4 4.e3 O-O 5.Ne2 c6 6.a3 Ba5 7.c5 d5 8.cxd6 Qxd6
9.b4 Bc7 10.Bb2 Qe7 11.Ng3 e5 12.dxe5 Bxe5 13.Be2 a5 14.O-O axb4 15.axb4 Rxa1
16.Qxa1 Qxb4 17.f4 Bxc3 18.Bxc3 Qe7 19.e4 Re8 20.Bf3 Na6 21.e5 Nd5 22.Bxd5 cxd5
23.f5 Nb4 24.f6 Qc5+ 25.Kh1 d4 26.Bxd4 Qc4 27.fxg7 Nc2 28.Qc1 Qxd4 29.Qxc2 Qxe5
30.Qc4 Be6 31.Qh4 Ra8 32.Nh5 h6 33.h3 b5 34.Re1 Qg5 35.Nf6+ Kxg7 36.Qe4 Ra4
37.Ne8+ Kf8 38.Qc6 Rc4 39.Qd6+ Kxe8 40.Ra1 Rc1+  0-1

[Event "Saint Louis Blitz 2018"]
[Site "Saint Louis USA"]
[Date "2018.08.14"]
[Round "3.1"]
[White "Nakamura,Hi"]
[Black "Caruana,F"]
[Result "1/2-1/2"]
[WhiteElo "2777"]
[BlackElo "2822"]

1.Nf3 d5 2.b3 Bg4 3.Bb2 e6 4.g3 Nd7 5.Bg2 Ngf6 6.d3 Bd6 7.h3 Bh5 8.g4 Bg6
9.Nh4 c6 10.e3 a5 11.a3 e5 12.Nd2 O-O 13.O-O Qc7 14.Nxg6 hxg6 15.c4 Rfe8
16.cxd5 Nxd5 17.Rc1 Qd8 18.Qf3 Qe7 19.Nc4 Bc5 20.Qg3 N5b6 21.Nxb6 Bxb6 22.Rfd1 Rad8
23.d4 exd4 24.Bxd4 Qxa3 25.Bxb6 Nxb6 26.Qc7 Rxd1+ 27.Rxd1 Qxb3 28.Rd8 Rxd8
29.Qxd8+ Kh7  1/2-1/2

[Event "Saint Louis Blitz 2018"]
[Site "Saint Louis USA"]
[Date "2018.08.14"]
[Round "4.5"]
[White "Nakamura,Hi"]
[Black "Anand,V"]
[Result "1/2-1/2"]
[WhiteElo "2777"]
[BlackElo "2768"]

1.Nf3 d5 2.b3 Nf6 3.Bb2 e6 4.g3 c5 5.Bg2 Nc6 6.c4 d4 7.O-O Be7 8.e3 e5 9.exd4 exd4
10.Re1 O-O 11.Ne5 Nxe5 12.Rxe5 Bd6 13.Re1 Bg4 14.Qc2 Re8 15.Na3 Qd7 16.d3 a6
17.Qd2 Rab8 18.Nc2 b6 19.b4 h5 20.Rxe8+ Rxe8 21.Re1 Rxe1+ 22.Nxe1 Qa4 23.bxc5 bxc5
24.Bc1 Nd7 25.f4 Nf6 26.Qc2 Qe8 27.Qd2 h4 28.Bf1 hxg3 29.hxg3 Bd7 30.Qe2 Qc8
31.Bg2 Bg4 32.Nf3 Qb8 33.Qb2 Qe8 34.Qf2 Bf5 35.Bf1 Ng4 36.Qe1 Ne3 37.Kf2 Ng4+
38.Kg1 Ne3 39.Kf2 Ng4+ 40.Kg1 Ne3 41.Nh4 Qe6 42.Bxe3 dxe3 43.Nxf5 Qxf5 44.Qxe3 Qe6
45.Qf3 Bf8 46.Bg2 Qf6 47.Qe2 g6 48.Kh2 Qe7 49.Qb2 Bg7 50.Qb6 Bd4 51.Be4 Qf6
52.Qb7 Kg7 53.Bd5 Qf5 54.Kg2 Qf6 55.Kf3 g5 56.Qd7 gxf4 57.gxf4 Qg6 58.Be4 Qh5+
59.Kg3 Qe2 60.Qg4+  1/2-1/2

[Event "Saint Louis Blitz 2018"]
[Site "Saint Louis USA"]
[Date "2018.08.14"]
[Round "5.2"]
[White "Grischuk,A"]
[Black "Nakamura,Hi"]
[Result "1/2-1/2"]
[WhiteElo "2766"]
[BlackElo "2777"]

1.d4 Nf6 2.c4 e6 3.Nf3 d5 4.Nc3 Be7 5.Bf4 O-O 6.e3 c5 7.dxc5 Bxc5 8.cxd5 Nxd5
9.Nxd5 exd5 10.Bd3 Bb4+ 11.Nd2 d4 12.Qc2 Nc6 13.O-O g6 14.Be4 dxe3 15.Bxe3 Nd4
16.Qc4 Bxd2 17.Bxd4 Re8 18.Rad1 Bf4 19.Bd5 Qc7 20.Qxc7 Bxc7 21.Rfe1 Bg4 22.f3 Be6
23.Bxe6 fxe6 24.Bc3 Rad8 25.Rxd8 Bxd8 26.Kf1 Bc7 27.h3 Kf7 28.Re4 Rd8 29.Rc4 Rd7
30.Ke2 a6 31.a4 e5 32.Re4 Rd5 33.Rc4  1/2-1/2

[Event "Saint Louis Blitz 2018"]
[Site "Saint Louis USA"]
[Date "2018.08.14"]
[Round "6.4"]
[White "Nakamura,Hi"]
[Black "Dominguez Perez,L"]
[Result "1-0"]
[WhiteElo "2777"]
[BlackElo "2739"]

1.Nf3 d5 2.b3 Nf6 3.Bb2 e6 4.g3 Be7 5.Bg2 O-O 6.O-O c5 7.d4 Nc6 8.dxc5 Bxc5
9.c4 dxc4 10.Qc1 Bd7 11.Qxc4 Be7 12.e4 Rc8 13.Qe2 Qa5 14.Rd1 Rfd8 15.Nbd2 b5
16.a3 Be8 17.e5 Nd5 18.Ne4 b4 19.axb4 Qxb4 20.Rd3 Qb5 21.Bf1 Qb6 22.Ba3 Ncb4
23.Rd2 a6 24.Qd1 Bb5 25.Bxb5 Qxb5 26.Bb2 Qb6 27.Qe2 h6 28.Nd4 Ra8 29.Qg4 Kh8
30.Rad1 Rac8 31.Qf3 Kg8 32.Qg4 Kh8 33.h4 Qb7 34.Nf3 Rc2 35.Nd6 Bxd6 36.Rxc2 Nxc2
37.exd6 Rg8 38.Ne5 Nde3 39.fxe3 Nxe3 40.Qe2 Nxd1 41.Qxd1 Rd8 42.d7 Kg8 43.Qh5 Rxd7
44.Nxd7 Qxd7 45.Qg4 f5 46.Qd4 Qb7 47.b4 Kh7 48.h5 Qc7 49.Qe5 Qd7 50.Bd4 Kg8
51.Kf2 Kh7 52.Ke3 Kg8 53.Bc3 Kh7 54.Qd4 Qf7 55.Kd3 Qb7 56.Kc2 Kg8 57.Qe5 Qd7
58.Kb3 Kh7 59.Qd4 Qb7 60.Ka3 Kg8 61.Qd6 Kf7 62.Qe5  1-0

[Event "Saint Louis Blitz 2018"]
[Site "Saint Louis USA"]
[Date "2018.08.14"]
[Round "7.3"]
[White "Aronian,L"]
[Black "Nakamura,Hi"]
[Result "1-0"]
[WhiteElo "2767"]
[BlackElo "2777"]

1.e4 c5 2.Nf3 d6 3.d4 cxd4 4.Nxd4 Nf6 5.Nc3 a6 6.Be3 Ng4 7.Bc1 Nf6 8.f3 e6
9.Be3 b5 10.Qd2 Bb7 11.g4 Nfd7 12.O-O-O Nb6 13.Nb3 N8d7 14.Na5 Rb8 15.Bd4 Ba8
16.h4 Qc7 17.g5 b4 18.Nb1 e5 19.Bxb6 Rxb6 20.Nc4 Rc6 21.Ne3 Rc5 22.Bxa6 d5
23.exd5 Bd6 24.Qe2 O-O 25.Nd2 Ra5 26.Bc4 Nc5 27.Ne4 b3 28.Bxb3 Nxb3+ 29.axb3 Ra1+
30.Kd2 Ra2 31.Nc4 Bc5 32.Qd3 Bxd5 33.Qxd5 Rd8 34.Qxd8+ Qxd8+ 35.Ke2 Bd4 36.c3 Qb8
37.cxd4 Qxb3 38.Ned2 Qa4 39.dxe5 Qa6 40.Kf2 h6 41.Rhg1 Qa7+ 42.Kg3 hxg5 43.hxg5 Qc7
44.Ra1 Qa7 45.Rac1 Ra6 46.Ne4 Qe7 47.Rgd1 Ra8 48.Rd6 Rc8 49.b3 Rb8 50.Rc3 Qa7
51.Rd1 Qe7 52.Rcd3 Rc8 53.Rd6 Rb8 54.R1d5 Qa7 55.Rd8+ Rxd8 56.Rxd8+ Kh7 57.Rd1 Qa2
58.Ncd2 Qc2 59.Rh1+ Kg6 60.Nc4 Qxb3 61.Ncd6 Qa3 62.Rb1 Qa5 63.Kf4 Qa2 64.Rh1 Qa5
65.Nf5 f6 66.gxf6 gxf6 67.exf6 Qc7+ 68.Nfd6 Qa5 69.Rg1+ Kh6 70.Nf7+  1-0

[Event "Saint Louis Blitz 2018"]
[Site "Saint Louis USA"]
[Date "2018.08.14"]
[Round "8.3"]
[White "Nakamura,Hi"]
[Black "Mamedyarov,S"]
[Result "1-0"]
[WhiteElo "2777"]
[BlackElo "2801"]

1.Nf3 d5 2.b3 Nf6 3.Bb2 g6 4.g3 Bg7 5.c4 dxc4 6.bxc4 b6 7.Bg2 Bb7 8.O-O c5
9.d3 O-O 10.Nbd2 Nc6 11.Qb3 Re8 12.Rad1 Qc7 13.e3 Rad8 14.a3 Qc8 15.Rfe1 Qa8
16.Qc2 Rd7 17.e4 Ng4 18.Bxg7 Kxg7 19.Bh3 h5 20.e5 Red8 21.e6 Rxd3 22.exf7 e5
23.Ng5 Qc8 24.f3 Qf5 25.Nge4 Rxd2 26.Rxd2 Nd4 27.Rxd4 Rxd4 28.fxg4 Bxe4 29.f8=Q+ Kxf8
30.Qe2 hxg4 31.Bxg4 Qg5 32.h4 Qe7 33.Qe3 Kg7 34.h5 gxh5 35.Bxh5 Bg6 36.Bf3 Rd3
37.Qe2 e4 38.Qxd3  1-0

[Event "Saint Louis Blitz 2018"]
[Site "Saint Louis USA"]
[Date "2018.08.14"]
[Round "9.4"]
[White "Vachier Lagrave,M"]
[Black "Nakamura,Hi"]
[Result "1/2-1/2"]
[WhiteElo "2779"]
[BlackElo "2777"]

1.e4 d6 2.d4 g6 3.Nf3 Bg7 4.Bc4 Nf6 5.Qe2 O-O 6.O-O Bg4 7.h3 Bxf3 8.Qxf3 Nc6
9.c3 e5 10.Be3 exd4 11.cxd4 Nd7 12.Rd1 Nb6 13.Bb3 Na5 14.Nc3 Nxb3 15.axb3 c6
16.d5 c5 17.Qg3 Qd7 18.Bf4 Nc8 19.Re1 Re8 20.Re2 b5 21.Rae1 b4 22.Na4 c4
23.e5 cxb3 24.Qxb3 dxe5 25.Bxe5 Bf8 26.Bd4 Rxe2 27.Rxe2 Nd6 28.Nc5 Qb5 29.Qd3 Rc8
30.Qxb5 Nxb5 31.Nb3 a5 32.Bf6 a4 33.Na5 a3 34.bxa3 bxa3 35.Nc6 Ra8 36.Ne7+ Bxe7
37.Rxe7 a2 38.Re1 Nc7 39.Rd1 Nxd5 40.Rxd5 a1=Q+ 41.Bxa1 Rxa1+  1/2-1/2

[Event "Saint Louis Blitz 2018"]
[Site "Saint Louis USA"]
[Date "2018.08.15"]
[Round "10.2"]
[White "Karjakin,Sergey"]
[Black "Nakamura,Hi"]
[Result "1-0"]
[WhiteElo "2773"]
[BlackElo "2777"]

1.e4 e5 2.Nf3 Nc6 3.Bb5 Nf6 4.O-O Nxe4 5.d4 Nd6 6.Bxc6 dxc6 7.dxe5 Nf5 8.Qxd8+ Kxd8
9.h3 Ke8 10.Nc3 h5 11.Bf4 Be7 12.Rad1 Be6 13.Ng5 Rh6 14.Rfe1 Bb4 15.a3 Bxc3
16.bxc3 Rg6 17.Kh2 Ne7 18.Nxe6 Rxe6 19.g4 Nd5 20.Bd2 Nb6 21.f4 Nc4 22.Bc1 hxg4
23.hxg4 Rd8 24.Rxd8+ Kxd8 25.Kg3 f6 26.Rd1+ Ke8 27.exf6 gxf6 28.Kf3 Kf7 29.f5 Rd6
30.Rh1 Kg8 31.g5 Rd5 32.Kg4 Ne5+ 33.Kf4 fxg5+ 34.Kxg5 Nf7+ 35.Kf6 Kf8 36.Bf4 Rd7
37.Rh3 c5 38.Rd3 Re7 39.c4 b6 40.a4 a5 41.Rd1 Ke8 42.Rg1 Re4 43.Bxc7 Kd7
44.Bxb6 Nd6 45.Bxc5 Nxc4 46.Rd1+ Kc6 47.Rd4 Nd2 48.Ba7 Re2 49.Kf7 Ne4 50.Bb8 Ng5+
51.Kg6 Rg2 52.Kf6 Nh7+ 53.Ke5 Ng5 54.Rc4+ Kb7 55.Bd6 Rd2 56.Be7 Nf7+ 57.Ke6 Nh6
58.Bg5 Re2+ 59.Kf6 Ng8+ 60.Kf7 Rg2 61.Be3 Rg3 62.Bf4 Rg4 63.f6 Ka6 64.Ke6 Rg6
65.Be5 Kb6 66.Rc3 Rg4 67.Rg3 Nxf6 68.Kxf6 Rxa4 69.Ke6 Kc5 70.Rc3+ Kb5 71.Kd5 Rh4
72.Rb3+ Ka4 73.Rb8 Rh1 74.c4 Rd1+ 75.Bd4 Ka3 76.c5 a4 77.c6 Rc1 78.Bc5+ Ka2
79.c7  1-0

[Event "Saint Louis Blitz 2018"]
[Site "Saint Louis USA"]
[Date "2018.08.15"]
[Round "11.5"]
[White "Nakamura,Hi"]
[Black "So,W"]
[Result "1/2-1/2"]
[WhiteElo "2777"]
[BlackElo "2780"]

1.e4 e5 2.Nf3 Nc6 3.d4 exd4 4.Nxd4 Nf6 5.Nc3 Bb4 6.Nxc6 bxc6 7.Bd3 d5 8.exd5 cxd5
9.O-O O-O 10.h3 c6 11.Qf3 Bd6 12.Bf4 Be6 13.Rfe1 Bxf4 14.Qxf4 Qb8 15.Qxb8 Raxb8
16.Na4 Nd7 17.b3 c5 18.Rad1 Rfc8 19.f4 g6 20.c4 dxc4 21.Bxc4 Bxc4 22.Rxd7 Be6
23.Rxa7 c4 24.Ra5 cxb3 25.axb3 Rc2 26.Nc5 Bxb3 27.Nxb3 Rxb3 28.Rg5 h6 29.Rg4 h5
30.Rg5 Kg7 31.f5 Kh6 32.fxg6 fxg6 33.h4 Rb6 34.Re4 Rbc6 35.Rge5 R2c4  1/2-1/2

[Event "Saint Louis Blitz 2018"]
[Site "Saint Louis USA"]
[Date "2018.08.15"]
[Round "12.1"]
[White "Caruana,F"]
[Black "Nakamura,Hi"]
[Result "0-1"]
[WhiteElo "2822"]
[BlackElo "2777"]

1.d4 Nf6 2.c4 e6 3.Nf3 d5 4.Nc3 Be7 5.Bf4 O-O 6.e3 c5 7.dxc5 Bxc5 8.cxd5 Nxd5
9.Nxd5 exd5 10.Bd3 Bb4+ 11.Nd2 d4 12.e4 Na6 13.O-O Nc5 14.Nb3 Be6 15.Nxc5 Bxc5
16.Qe2 Rc8 17.Bd2 Re8 18.Kh1 Qb6 19.b4 Bf8 20.f4 a6 21.e5 Bd5 22.a3 Qe6 23.Rac1 f5
24.Qf2 Rcd8 25.Rfe1 b5 26.h3 Bc4 27.Qf3 g6 28.Kh2 Be7 29.Rc2 Rc8 30.Rec1 Bd8
31.Qe2 Bxd3 32.Qxd3 Bb6 33.Be1 Rxc2 34.Rxc2 Rc8 35.Rxc8+ Qxc8 36.Bf2 Qc6
37.Qg3 Qd5 38.Qd3 Kf7 39.a4 Ke6 40.axb5 axb5 41.Qa3 Kd7 42.Qg3 d3 43.e6+ Kxe6
44.Bxb6 d2 45.Qe3+ Kd7 46.Bc5 d1=Q 47.Qe7+ Kc8 48.Qe8+ Kc7 49.Qxb5 Qc6 50.Qa5+ Kd7
51.Qa7+ Qc7  0-1

[Event "Saint Louis Blitz 2018"]
[Site "Saint Louis USA"]
[Date "2018.08.15"]
[Round "13.5"]
[White "Anand,V"]
[Black "Nakamura,Hi"]
[Result "1/2-1/2"]
[WhiteElo "2768"]
[BlackElo "2777"]

1.e4 e5 2.Nf3 Nc6 3.Bb5 Nf6 4.O-O Nxe4 5.Re1 Nd6 6.Nxe5 Be7 7.Bf1 Nf5 8.Nf3 d5
9.d4 O-O 10.c3 Re8 11.Bd3 Bd6 12.Nbd2 Bd7 13.Nf1 Rxe1 14.Qxe1 Qe8 15.Bd2 f6
16.Qc1 g6 17.Bf4 Qf8 18.h3 Bxf4 19.Qxf4 Qd6 20.Qxd6 Nxd6 21.Ne3 Ne7 22.Re1 Re8
23.Kf1 c6 24.Nd2 Kf7 25.f3 h5 26.g4 hxg4 27.hxg4 g5 28.Kf2 Rh8 29.Ndf1 Ng6
30.Bxg6+ Kxg6 31.Kg2 Re8 32.Kf2 Rh8 33.Kg2 Re8  1/2-1/2

[Event "Saint Louis Blitz 2018"]
[Site "Saint Louis USA"]
[Date "2018.08.15"]
[Round "14.2"]
[White "Nakamura,Hi"]
[Black "Grischuk,A"]
[Result "1-0"]
[WhiteElo "2777"]
[BlackElo "2766"]

1.e4 e5 2.Nf3 Nc6 3.Bb5 Nf6 4.O-O Nxe4 5.Re1 Nd6 6.Nxe5 Be7 7.Bf1 Nxe5 8.Rxe5 O-O
9.Nc3 Ne8 10.Nd5 Bd6 11.Re1 c6 12.Ne3 Be7 13.c4 Nc7 14.Nf5 Bf6 15.Nd6 Ne6
16.d3 Qc7 17.Nxc8 Raxc8 18.g3 Rfe8 19.Rb1 g6 20.Bg2 a5 21.a3 h5 22.b4 axb4
23.axb4 Bd4 24.Be3 Qd6 25.Qd2 Bxe3 26.Rxe3 Nd4 27.Rbe1 Re6 28.c5 Qe7 29.Re4 Qf6
30.Rf4 Qg7 31.h4 Rce8 32.Rfe4 Qf6 33.Qd1 Nb5 34.Bh3 Nc3 35.Rxe6 dxe6 36.Qd2 Rd8
37.Rc1 Nb5 38.Bg2 Kg7 39.Rc4 Ra8 40.Kh2 Ra3 41.Rf4 Qc3 42.Qe2 Ra8 43.Rc4 Qf6
44.Rf4 Qc3 45.d4 Kg8 46.Qe5 Qd2 47.g4 Qd1 48.Bf3 Qd2 49.gxh5 Ra2 50.Bg2 Qe2
51.Qf6  1-0

[Event "Saint Louis Blitz 2018"]
[Site "Saint Louis USA"]
[Date "2018.08.15"]
[Round "15.4"]
[White "Dominguez Perez,L"]
[Black "Nakamura,Hi"]
[Result "1/2-1/2"]
[WhiteElo "2739"]
[BlackElo "2777"]

1.e4 e5 2.Nf3 Nc6 3.Bc4 Bc5 4.c3 Nf6 5.d3 d6 6.Nbd2 O-O 7.O-O a5 8.h3 h6
9.Re1 Be6 10.Bb5 Qb8 11.Nf1 Qa7 12.Be3 Bxe3 13.Nxe3 Ne7 14.Ba4 Ng6 15.Bc2 a4
16.d4 Rfe8 17.Nf5 b5 18.Qd2 Rad8 19.b3 axb3 20.axb3 Qb6 21.Ng3 c6 22.Qe3 Ra8
23.b4 Qc7 24.Qd2 Rad8 25.Qe3 Ra8 26.Qd2 Rad8 27.Qe3  1/2-1/2

[Event "Saint Louis Blitz 2018"]
[Site "Saint Louis USA"]
[Date "2018.08.15"]
[Round "16.3"]
[White "Nakamura,Hi"]
[Black "Aronian,L"]
[Result "1-0"]
[WhiteElo "2777"]
[BlackElo "2767"]

1.e4 e5 2.Nf3 Nc6 3.d4 exd4 4.Nxd4 Nf6 5.Nc3 Bb4 6.Nxc6 bxc6 7.Bd3 O-O 8.O-O Re8
9.Bg5 Rb8 10.Re1 h6 11.Bh4 Bd6 12.Rb1 g5 13.Bg3 Bxg3 14.hxg3 d6 15.Qd2 Kg7
16.b3 Qe7 17.Nd1 Qe5 18.Ne3 Be6 19.f4 Qd4 20.Rbd1 Ng4 21.c3 Qb6 22.Kh1 f6
23.Bc2 Re7 24.Re2 Nxe3 25.Rxe3 Bf5 26.Rf1 Rh8 27.e5 Be6 28.exf6+ Kxf6 29.fxg5+ Kg7
30.g6 Rhe8 31.Qf2 Kg8 32.Qf4 Qc5 33.Rxe6  1-0

[Event "Saint Louis Blitz 2018"]
[Site "Saint Louis USA"]
[Date "2018.08.15"]
[Round "17.3"]
[White "Mamedyarov,S"]
[Black "Nakamura,Hi"]
[Result "0-1"]
[WhiteElo "2801"]
[BlackElo "2777"]

1.Nf3 Nf6 2.c4 e6 3.e3 d5 4.b3 Be7 5.Bb2 dxc4 6.bxc4 c5 7.Nc3 b6 8.g4 Bb7
9.g5 Nfd7 10.h4 Ne5 11.Nxe5 Bxh1 12.Qa4+ Nd7 13.f3 b5 14.Nxb5 Nxe5 15.Bxe5 O-O
16.Be2 f6 17.O-O-O Bg2 18.Rg1 Bh3 19.Ba1 e5 20.Nc3 Be6 21.Qc6 Qc8 22.Nd5 Bd8
23.Qxc8 Rxc8 24.gxf6 Bxf6 25.Nxf6+ Rxf6 26.Bxe5 Rf7 27.f4 Rc6 28.Kb2 Rd7
29.Bc3 Bf5 30.h5 Rb6+ 31.Ka1 Kf8 32.Bg4 Bxg4 33.Rxg4 h6 34.a3 Rdb7 35.Rg1 Re6
36.Be5 Rd7 37.Rg2 Rb7 38.Ka2 Rd7 39.Kb3 Rb7+ 40.Kc2 Ra6 41.Bb2 Rab6 42.Bc1 Rb1
43.Rg6 Ra1 44.d4 Ra2+ 45.Kd3 Rb1 46.Rg1 Rb3+ 47.Ke4 Rc2 48.dxc5 Rb1 49.Kd5 Rbxc1  0-1

[Event "Saint Louis Blitz 2018"]
[Site "Saint Louis USA"]
[Date "2018.08.15"]
[Round "18.4"]
[White "Nakamura,Hi"]
[Black "Vachier Lagrave,M"]
[Result "0-1"]
[WhiteElo "2777"]
[BlackElo "2779"]

1.e4 c5 2.Nf3 d6 3.Bb5+ Nd7 4.d4 cxd4 5.Qxd4 Nf6 6.O-O a6 7.Be2 g6 8.c4 Bg7
9.Nc3 O-O 10.Qe3 b6 11.Rd1 Bb7 12.Ng5 Qc7 13.f3 Rac8 14.Bd2 e6 15.Rac1 Rfe8
16.Qf2 Qb8 17.Bf4 Bf8 18.Nh3 Red8 19.Be3 d5 20.cxd5 exd5 21.exd5 b5 22.a3 Bd6
23.Kh1 Re8 24.Ba7 Qa8 25.Bd4 Nxd5 26.Ne4 Be7 27.Bf1 Rxc1 28.Rxc1 Qd8 29.Rd1 Qc7
30.Qd2 N5f6 31.Nhf2 Nxe4 32.Nxe4 Bxe4 33.fxe4 Bf6 34.Bf2 Ne5 35.Qd6 Qxd6
36.Rxd6 Ng4 37.Bg3 Bxb2 38.Rxa6 Rxe4 39.h3 Re3 40.Bh4 Nh6 41.Bg5 Re1 42.Bxh6 Rxf1+
43.Kh2 Be5+ 44.g3 f6 45.Kg2 Ra1 46.Ra7 f5 47.Bf4 Ra2+ 48.Kf3 Bd4 49.Ra8+ Kf7
50.Be3 Bxe3 51.Kxe3 b4 52.a4 Ra3+ 53.Kf2 Ke6 54.a5 Kd5 55.a6 Kc4 56.Ke2 Kb3
57.Kd2 Ka2 58.Rb8 b3 59.Rb6 Kb2 60.h4 Kb1 61.Rb7 b2 62.a7 h6  0-1

[Event "6th Sinquefield Cup 2018"]
[Site "Saint Louis USA"]
[Date "2018.08.18"]
[Round "1.4"]
[White "Nakamura,Hi"]
[Black "Anand,V"]
[Result "1/2-1/2"]
[WhiteElo "2777"]
[BlackElo "2768"]

1.d4 Nf6 2.c4 e6 3.Nf3 d5 4.Nc3 Be7 5.Bf4 O-O 6.e3 c5 7.dxc5 Bxc5 8.cxd5 Nxd5
9.Nxd5 exd5 10.a3 Nc6 11.Bd3 Bb6 12.O-O Bg4 13.h3 Bh5 14.Bb5 Rc8 15.Rc1 h6
16.b4 Re8 17.Bd3 Bxf3 18.Qxf3 Ne5 19.Qe2 Rxc1 20.Rxc1 Nxd3 21.Qxd3 d4 22.exd4 Bxd4
23.Qd2 Qf6 24.Bg3 Rd8 25.Qe2 Qg5 26.Rd1 Qxg3 27.Rxd4 Qc7 28.Rxd8+ Qxd8 29.g3  1/2-1/2